Statistics for Friends Quiz

Click here to take the quiz!

General Stats

  • This quiz has been taken 76 times
  • The average score is 4 of 7

Answer Stats

QuestionAnswer% Correct
What is the name of Ross's Lesbian wife?Carol
96%
What is Rachel's first job?Waitress
92%
Who lives the apartment below the one of Monica and Rachel in Season 1?Mr. Heckles
88%
From who did Ross buy the new apartment?Ugly naked guy
79%
Who was Joey's character in "Days of our lives"?Doctor Drake Ramoray
7%
Where did Pheobe get the cab?From her Grandma
3%
Who is registered to the TV guide that chandler receives?Miss Chenandelar Bong
0%

Score Distribution

Percentile by Number Answered

Percent of People with Each Score

Your Score History

You have not taken this quiz